000 02754cam a22005417a 4500
003 CHAP
005 20220329141837.0
008 971204d1996 mx b rs o00110 spa d
010 _a74695
011 _a75667
020 _a970-13-1460-3
020 _a970-13-1461-1
020 _a970-13-1466-2
020 _a9701314646
035 _a85235
040 _cCHAP
082 0 4 _a338.972
_bI59 1996 Oax.
110 2 _aInstituto Nacional de Estadística, Geografía e Informática. México
_959304
245 1 0 _aCuaderno estadístico municipal :
_bOaxaca
_c/por Instituto Nacional de Estadística, Geografía e Informática
260 0 _aAguascalientes, Ags. :
_bInstituto Nacional de Estadística, Geografía e Informática
_c1997-199
300 _av. :
_bgráfs. ; mapas
500 _ac. de Cuaderno de información básica para la planeación municipal
505 0 _aLa biblioteca tiene : v.1 Ciudad Ixtepec -- v.2 Matías Romero -- v.3 Villa de Zaachila -- v.4 Oaxaca de Juárez
590 _aBATCH-UPD
_b10
_c20130110
_lUCH01
_h0858
590 _aBATCH-UPD
_b10
_c20130410
_lUCH01
_h0528
590 _aBATCH-UPD
_b10
_c20130914
_lUCH01
_h1501
590 _aCONVERSION
_b10
_c20130109
_lUCH01
_h1341
650 1 4 _aAgricultura
_xEstadisticas
_zOaxaca.
_91462
650 1 4 _aGanadería
_xEstadísticas
_zOaxaca.
_944720
650 1 4 _aOaxaca
_xCondiciones económicas.
_982476
650 1 4 _aOaxaca
_xCondiciones sociales.
_982478
650 1 4 _aOaxaca
_xEstadísticas.
_982481
901 _aBK
905 _aLilia Sánchez G.
942 _cLIBRO
949 _a338.972 I59 1996 Oax.
_bBC
_cC
_dD_26FAE
_eC
_fv. 2
_gI. c/e
_h92491
_i85235
_j2
_st
_t20.00
949 _a338.972 I59 1996 Oax.
_bBC
_cC
_dD_26FAF
_eC
_fv. 3
_gI. c/e
_h92491
_i85235
_j3
_st
_t20.00
949 _a338.972 I59 1996 Oax.
_bBC
_cC
_dD_26FB0
_eC
_fv. 4
_gI. c/e
_h92491
_i85235
_j4
_st
_t20.00
949 _a338.972 I59 1996 Oax.
_bBC
_cINEGI
_d33724000592796
_eINEGI
_fv.1
_gI. c/e
_h92491
_i85235
_sb
_t20.00
949 _a338.972 I59 1996 Oax.
_bBC
_cINEGI
_d33724000592804
_eINEGI
_fv. 2
_gI. c/e
_h92492
_i85235
_sb
_t19.00
949 _a338.972 I59 1996 Oax.
_bBC
_cINEGI
_d33724000592812
_eINEGI
_fv. 3
_gI. c/e
_h92493
_i85235
_sb
_t20.00
949 _a338.972 I59 1996 Oax.
_bBC
_cINEGI
_d33724000592820
_eINEGI
_fv. 4
_gI. c/e
_h92494
_i85235
_sb
_t21.00
949 _a338.972 I59 1996 Oax.
_bBC
_cINEGI
_d33724000684809
_eINEGI
_fv.1 c.2
_h92726
_i85235
_sb
949 _a338.972 I59 1996 Oax.
_bBC
_cINEGI
_d33724000684817
_eINEGI
_fv.2 c.2
_h92727
_i85235
_sb
949 _a338.972 I59 1996 Oax.
_bBC
_cINEGI
_d33724000684825
_eINEGI
_fv.4 c.3
_h102653
_i85235
_sb
949 _a338.972 I59 1996 Oax.
_bBC
_cINEGI
_d33724000684833
_eINEGI
_fv.4 c.2
_h92724
_i85235
_sb
949 _a338.972 I59 1996 Oax.
_bBC
_cINEGI
_d852351234
_eINEGI
_fv.3
_h92728
_i85235
_sb
999 _c74695
_d74695